| 000 | 01385cam a2200325 a 4500 | ||
|---|---|---|---|
| 001 | 26317 | ||
| 003 | BD-RjUL | ||
| 005 | 20211209051011.0 | ||
| 008 | 140322r19281912enk b 001 0 eng d | ||
| 035 | _a(BD-RjUL)26387 | ||
| 040 |
_aAKR _cAKR _beng _dBD-RjUL |
||
| 041 | 1 |
_aeng _agrc _hgrc |
|
| 082 | 0 | 0 |
_bGRE 1950 _a881.0108 |
| 090 |
_aPA4442 _b.A2 1928x |
||
| 245 | 0 | 4 |
_aThe Greek bucolic poets / _cwith an English translation by J.M. Edmonds. |
| 250 | _aRev. ed. | ||
| 260 |
_aLondon : _bHeinemann ; _aCambridge, Mass. : _bHarvard University Press, _c1928. |
||
| 300 |
_axxviii, 526p. ; _c17 cm. |
||
| 490 | 1 |
_aLoeb classical library ; _v28 |
|
| 500 | _a"First printed 1912 ... reprinted and revised 1928; reprinted 1938, [etc.]". | ||
| 500 | _aThe 1938 reprint includes "changes and additions in the light of the papyri and of the best recent work..."--p.viii | ||
| 505 | 0 | _aPreface.--Introduction.--Bibliography (p. xxvii-xxviii)-- Introductory poems.--Theocritus I-XXX.--Theocritus inscriptions.--Bion.- -Moschus.--Megara.--The dead Adonis.--The pattern-poems.--Index of proper names. | |
| 650 | 0 |
_aGreek poetry _vTranslations into English. _966705 |
|
| 650 | 0 |
_aPastoral poetry, Greek. _980912 |
|
| 830 | 0 |
_v28. _983909 |
|
| 700 | 1 |
_aEdmonds, J. M. _q(John Maxwell) _969637 |
|
| 700 | 1 |
_aT. E. Page _980914 |
|
| 830 | 0 |
_aLoeb classical library ; _983910 |
|
| 942 |
_2ddc _cBK |
||
| 999 |
_c26317 _d26317 |
||